System integration / (Record no. 212524)

000 -LEADER
fixed length control field 00812 a2200241 4500
003 - CONTROL NUMBER IDENTIFIER
control field Nust
005 - DATE AND TIME OF LATEST TRANSACTION
control field 20221020143514.0
010 ## - LIBRARY OF CONGRESS CONTROL NUMBER
LC control number 94005639
020 ## - INTERNATIONAL STANDARD BOOK NUMBER
International Standard Book Number 0849378311
040 ## - CATALOGING SOURCE
Transcribing agency Nust
082 00 - DEWEY DECIMAL CLASSIFICATION NUMBER
Classification number 620.01,GRA
100 1# - MAIN ENTRY--PERSONAL NAME
Personal name Grady, Jeffrey O.
9 (RLIN) 2872
245 10 - TITLE STATEMENT
Title System integration /
Statement of responsibility, etc. Jeffrey O. Grady.
260 ## - PUBLICATION, DISTRIBUTION, ETC.
Place of publication, distribution, etc. Boca Raton :
Name of publisher, distributor, etc. CRC Press,
Date of publication, distribution, etc. 1994.
300 ## - PHYSICAL DESCRIPTION
Extent 256 p. :
Other physical details ill. ;
Dimensions 25 cm.
440 #0 - SERIES STATEMENT/ADDED ENTRY--TITLE
Title Systems engineering series
9 (RLIN) 2308
505 ## - FORMATTED CONTENTS NOTE
Formatted contents note Part 1: The Fundamentals (Page-1), Part 2: Process Integration (Page-70), Part 3: Product Integration (Page-169).
650 #0 - SUBJECT ADDED ENTRY--TOPICAL TERM
Topical term or geographic name entry element Concurrent engineering.
650 #0 - SUBJECT ADDED ENTRY--TOPICAL TERM
Topical term or geographic name entry element System analysis.
9 (RLIN) 2233
650 #0 - SUBJECT ADDED ENTRY--TOPICAL TERM
Topical term or geographic name entry element Systems engineering.
856 42 - ELECTRONIC LOCATION AND ACCESS
Materials specified Publisher description
Uniform Resource Identifier <a href="http://www.loc.gov/catdir/enhancements/fy0744/94005639-d.html">http://www.loc.gov/catdir/enhancements/fy0744/94005639-d.html</a>
942 ## - ADDED ENTRY ELEMENTS (KOHA)
Source of classification or shelving scheme
Koha item type Book
Holdings
Withdrawn status Lost status Source of classification or shelving scheme Damaged status Not for loan Permanent Location Current Location Shelving location Date acquired Full call number Barcode Date last seen Price effective from Koha item type Public note Total Checkouts
          Military College of Signals (MCS) Military College of Signals (MCS) General Stacks 12/12/2016 620.01,GRA MCS37142 12/08/2016 12/12/2016 Book Almirah No.27, Shelf No.2  
          Military College of Signals (MCS) Military College of Signals (MCS) General Stacks 10/20/2022 620.01,GRA MCS37141 10/20/2022 10/20/2022 Book Almirah No.27, Shelf No.2  
© 2023 Central Library, National University of Sciences and Technology. All Rights Reserved.